Women and peace : theoretical, historical, and practical perspectives /

Bibliographic Details
Other Authors: Pierson, Ruth Roach, 1938-
Format: Book
Language:English
Published: London ; New York : Croom Helm, [1987]
Subjects:

MARC

Tag First Indicator Second Indicator Subfields
LEADER 00000cam a2200000 a 4500
001 in00000017247
005 20151007053425.0
008 870316s1987 enka b 00100 eng
010 |a  87006778  
020 |a 0709940688 
035 |a (OCoLC)15427570 
035 |9 AAB1607AM 
040 |a DLC  |c DLC  |d TXA  |d UtOrBLW 
049 |a TXAM  |c [A11466127] 
050 0 0 |a JX1965  |b .W44 1987 
082 0 |a 327.1/72/088042  |2 19 
245 0 0 |a Women and peace :  |b theoretical, historical, and practical perspectives /  |c edited by Ruth Roach Pierson ; with the assistance of Joanne Thompson, Somer Brodribb, Paula Bourne. 
264 1 |a London ;  |a New York :  |b Croom Helm,  |c [1987] 
264 4 |c ©1987 
300 |a xvi, 249 pages :  |b illustrations ;  |c 23 cm. 
336 |a text  |b txt  |2 rdacontent 
337 |a unmediated  |b n  |2 rdamedia 
338 |a volume  |b nc  |2 rdacarrier 
504 |a Includes bibliographies and index. 
650 0 |a Women and peace  |x History. 
700 1 |a Pierson, Ruth Roach,  |d 1938- 
999 |a MARS 
999 f f |s 114f4fa0-559c-309b-b050-be46b6add6fe  |i a436891d-6122-3b2e-9c86-90d906d0719d  |t 0 
952 f f |p ric  |a Texas A&M University  |b Rellis Campus  |c Joint Library Facility  |d Remote Storage  |t 0  |e JX1965 .W44 1987  |h Library of Congress classification  |i unmediated -- volume  |m A14811466127 
998 f f |a JX1965 .W44 1987  |t 0  |l Remote Storage